| 000 | 00586nam a2200181 4500 | ||
|---|---|---|---|
| 999 |
_c80345 _d80345 |
||
| 008 | 201207b ||||| |||| 00| 0 eng d | ||
| 040 |
_bger _cSTAFF _erda _aSTAFF |
||
| 041 | _ager | ||
| 100 | _aIgnasiak, Detlef | ||
| 245 |
_aPfarrer Schmidt von Werneuchen/ _cDetlef Ignasiak |
||
| 600 |
_aSchmidt, Friedrich Wilhelm August _d(1764-1838) |
||
| 651 | _aWerneuchen | ||
| 773 |
_dBerlin: Die Mark Brandenburg - Verlag für Regional- und Zeitgeschichte _g2020) Heft 118, S. 2-7 _tDie Mark Brandenburg |
||
| 942 | _cA | ||